A critical review of the sports act of Kenya/ (Record no. 4223)

000 -LEADER
fixed length control field 00372nam a22001457a 4500
003 - CONTROL NUMBER IDENTIFIER
control field OSt
005 - DATE AND TIME OF LATEST TRANSACTION
control field 20191126093930.0
008 - FIXED-LENGTH DATA ELEMENTS--GENERAL INFORMATION
fixed length control field 191126b xxu||||| |||| 00| 0 eng d
050 ## - LIBRARY OF CONGRESS CALL NUMBER
Classification number KJC6063.N35 2019
100 ## - MAIN ENTRY--PERSONAL NAME
Personal name Naima, Bilal
245 ## - TITLE STATEMENT
Title A critical review of the sports act of Kenya/
Statement of responsibility, etc Bilal Naima
260 ## - PUBLICATION, DISTRIBUTION, ETC. (IMPRINT)
Place of publication, distribution, etc Nairobi
Date of publication, distribution, etc 2019
300 ## - PHYSICAL DESCRIPTION
Extent ix, 45p:
942 ## - ADDED ENTRY ELEMENTS (KOHA)
Source of classification or shelving scheme
Koha item type Research Project
Holdings
Withdrawn status Lost status Source of classification or shelving scheme Damaged status Not for loan Home library Current library Shelving location Date acquired Total Checkouts Full call number Barcode Date last seen Price effective from Koha item type
          Riara University Library Riara University Library Special Collection 26/11/2019   RUSC KJC6063.N35 2019 10292/19 26/11/2019 26/11/2019 Research Project

Riara University Library,
P.O. Box 49940-00100,
Nairobi, Kenya.